Learning Resource and Development

Basics of thermal engineering / (Record no. 28445)

MARC details
000 -LEADER
fixed length control field 01445nam a2200349 i 4500
003 - CONTROL NUMBER IDENTIFIER
control field CSPC
005 - DATE AND TIME OF LATEST TRANSACTION
control field 20241126115247.0
008 - FIXED-LENGTH DATA ELEMENTS--GENERAL INFORMATION
fixed length control field 241113s2019 ii a b 001 0 eng d
020 ## - INTERNATIONAL STANDARD BOOK NUMBER
International Standard Book Number 9789350146644
040 ## - CATALOGING SOURCE
Transcribing agency CSPC
Original cataloging agency CSPC
Language of cataloging eng
Description conventions rda
082 04 - DEWEY DECIMAL CLASSIFICATION NUMBER
Classification number 621.402
Item number M377b
Edition number 23
100 1# - MAIN ENTRY--PERSONAL NAME
Personal name Mashi, Husain Whaib,
Relator term author.
245 10 - TITLE STATEMENT
Title Basics of thermal engineering /
Statement of responsibility, etc. Husain Whaib Mashi, [and 4 others]
250 ## - EDITION STATEMENT
Edition statement First edition.
264 #1 - PRODUCTION, PUBLICATION, DISTRIBUTION, MANUFACTURE, AND COPYRIGHT NOTICE
Place of production, publication, distribution, manufacture New Delhi, India :
Name of producer, publisher, distributor, manufacturer S.K. Kataria & Sons,
Date of production, publication, distribution, manufacture, or copyright notice 2019 ; Reprint 2022.
300 ## - PHYSICAL DESCRIPTION
Extent 148 pages :
Other physical details illustrations ;
Dimensions 24 cm.
336 ## - CONTENT TYPE
Source rdacontent
Content type term text
337 ## - MEDIA TYPE
Source rdamedia
Media type term unmediated
338 ## - CARRIER TYPE
Source rdacarrier
Carrier type term volume
504 ## - BIBLIOGRAPHY, ETC. NOTE
Bibliography, etc. note Includes bibliographical references and index.
505 0# - FORMATTED CONTENTS NOTE
Formatted contents note Thermodynamics -- Energy forms and processes of ideal gas -- Energy conservation and first law of thermodynamics -- The second law of thermodynamics and thermal machines -- Entropy and unavailable energy -- Gas mixtures.
650 #0 - SUBJECT ADDED ENTRY--TOPICAL TERM
Topical term or geographic name entry element Thermal engineering.
650 #0 - SUBJECT ADDED ENTRY--TOPICAL TERM
Topical term or geographic name entry element Thermodynamics.
650 #0 - SUBJECT ADDED ENTRY--TOPICAL TERM
Topical term or geographic name entry element Heat engineering.
650 #0 - SUBJECT ADDED ENTRY--TOPICAL TERM
Topical term or geographic name entry element Heat
Form subdivision Transmission.
700 1# - ADDED ENTRY--PERSONAL NAME
Personal name Majdi, Hasan Sh.,
Relator term author.
700 1# - ADDED ENTRY--PERSONAL NAME
Personal name Mahmood, Abdulrahman Shakir,
Relator term author.
700 1# - ADDED ENTRY--PERSONAL NAME
Personal name Al-Turaihi, Riyadh S.,
Relator term author.
700 1# - ADDED ENTRY--PERSONAL NAME
Personal name Habeeb, Laith Jaafer,
Relator term author.
942 ## - ADDED ENTRY ELEMENTS (KOHA)
Source of classification or shelving scheme Dewey Decimal Classification
Suppress in OPAC No
Koha item type Books
Classification part 621.402
Item part M377b
Call number prefix ENG
Call number suffix 2019
Edition 23
Holdings
Withdrawn status Lost status Source of classification or shelving scheme Damaged status Not for loan Home library Current library Shelving location Date acquired Total Checkouts Full call number Barcode Date last seen Copy number Price effective from Koha item type
    Dewey Decimal Classification     Main Library Main Library Engineering Section 11/13/2024   ENG 621.402 M377b 2019 028533 11/13/2024 1-1 11/13/2024 Books